<?xml version="1.0" encoding="UTF-8"?>
<record
    xmlns:xsi="http://www.w3.org/2001/XMLSchema-instance"
    xsi:schemaLocation="http://www.loc.gov/MARC21/slim http://www.loc.gov/standards/marcxml/schema/MARC21slim.xsd"
    xmlns="http://www.loc.gov/MARC21/slim">

  <leader>01015nam a2200205 i 4500</leader>
  <controlfield tag="001">101886</controlfield>
  <controlfield tag="003">ES-MaACL</controlfield>
  <controlfield tag="005">20230906183013.0</controlfield>
  <controlfield tag="007">t|</controlfield>
  <controlfield tag="008">051026s1913    fr           ||||1| fre d</controlfield>
  <datafield tag="100" ind1="1" ind2=" ">
    <subfield code="a">M&#xE9;nard, Ren&#xE9;.</subfield>
    <subfield code="9">80075</subfield>
  </datafield>
  <datafield tag="245" ind1="1" ind2="0">
    <subfield code="a">Vie priv&#xE9;e des anciens / </subfield>
    <subfield code="c">par Ren&#xE9; M&#xE9;nard et Claude Sauvageot.</subfield>
  </datafield>
  <datafield tag="250" ind1=" " ind2=" ">
    <subfield code="a">Nouvelle &#xE9;dition </subfield>
    <subfield code="b">publi&#xE9;e par Edouard Rouveyre.</subfield>
  </datafield>
  <datafield tag="260" ind1=" " ind2=" ">
    <subfield code="a">Lagny : </subfield>
    <subfield code="b">[s.n.], </subfield>
    <subfield code="c">1913 (</subfield>
    <subfield code="f">E. Grevin)</subfield>
  </datafield>
  <datafield tag="300" ind1=" " ind2=" ">
    <subfield code="a">8 v. ; </subfield>
    <subfield code="c">20 cm.</subfield>
  </datafield>
  <datafield tag="505" ind1="8" ind2=" ">
    <subfield code="a">Contiene: Les peuples dans l'antiquit&#xE9;. V.I.-- L'Egypte et l'Asie V.II.-- La Gr&#xE8;ce. L'Italie. La famille dans l'antiquit&#xE9; V.III.-- Constitution de la famille V.IV.-- Le v&#xEA;tement. L'habitation. Le travail dans l'antiquit&#xE9; V.V.-- Agriculture. Industrie V.VI.-- Architecture. Beaux_Arts. Les institutions de l'antiquit&#xE9; V.VII.-- Education. Institutions civiles V.VIII.-- Guerre. Institutions religieuses</subfield>
  </datafield>
  <datafield tag="700" ind1="1" ind2=" ">
    <subfield code="a">Sauvageot, Claude.</subfield>
    <subfield code="9">104031</subfield>
  </datafield>
  <datafield tag="700" ind1="1" ind2=" ">
    <subfield code="a">Rouveyre, Edouard.</subfield>
    <subfield code="9">100095</subfield>
  </datafield>
  <datafield tag="852" ind1=" " ind2=" ">
    <subfield code="a">ES-MaACL</subfield>
    <subfield code="j">F-1547-54</subfield>
  </datafield>
  <datafield tag="999" ind1=" " ind2=" ">
    <subfield code="c">101886</subfield>
    <subfield code="d">101886</subfield>
  </datafield>
  <datafield tag="952" ind1=" " ind2=" ">
    <subfield code="0">0</subfield>
    <subfield code="1">0</subfield>
    <subfield code="4">0</subfield>
    <subfield code="7">0</subfield>
    <subfield code="a">ATENEOM</subfield>
    <subfield code="b">ATENEOM</subfield>
    <subfield code="c">DEPO2</subfield>
    <subfield code="d">2008-01-17</subfield>
    <subfield code="e">SC</subfield>
    <subfield code="l">0</subfield>
    <subfield code="o">F-1547-54</subfield>
    <subfield code="p">1106363</subfield>
    <subfield code="r">2023-02-23 00:00:00</subfield>
    <subfield code="w">2023-02-23</subfield>
    <subfield code="y">MONOGRAFIA</subfield>
  </datafield>
</record>
